Estadísticas para Países con el mayor número de cristianos

Haz click aquí para intentar la prueba.

Estadísticas generales

  • Esta prueba ha sido intentada 3.581 veces
  • La puntuación promedio es 15 de 20

Estadísticas de respuestas

#País%% Correcto
238 MEstados Unidos69
98%
115 MMéxico89
96%
35,4 MArgentina77
95%
196 MBrasil90
94%
39,2 MFrancia58
94%
48,8 MItalia83
92%
44,9 MAlemania54
91%
32,7 MPerú95
91%
89,0 MRusia62
91%
48,1 MColombia92
88%
43,0 MChina3
84%
33,1 MIndia2
84%
38,1 MPolonia94
74%
105 MNigeria46
60%
101 MFilipinas85
58%
42,3 MTanzania61
56%
96,3 MR. D. Congo92
53%
96,6 MEtiopía75
46%
47,8 MKenia86
37%
41,9 MUganda85
21%

Distribución de puntuación

Porcentaje por número respondido

Porcentaje de gente con cada puntuación

Historial de tus puntuaciones

No has intentado esta prueba.